000 00717nam a2200181Ia 4500
008 090123s9999 xx 000 0 und d
082 _b20676
100 _aचौधरी नलिनी
245 _aव्यवसायिक जीवनाची प्रवेशद्वारे
250 _a1
260 _bविद्यार्थी प्रकाशन
_c1997
300 _a120
600 _aचौधरी नलिनी
630 _aव्यवसायिक जीवनाची प्रवेशद्वारे
700 _aचौधरी नलिनी
730 _aव्यवसायिक जीवनाची प्रवेशद्वारे
942 _cBOOK
999 _c58748
_d58748